Procesamiento de señales analógicas y digitales
I tiakina i:
| Kaituhi matua: | |
|---|---|
| Hōputu: | Pukapuka |
| Reo: | Pāniora |
| I whakaputaina: |
Ciudad de México
International Thomson
2002
|
| Ngā marau: | |
| Ngā Tūtohu: |
Tāpirihia he Tūtohu
Kāore He Tūtohu, Me noho koe te mea tuatahi ki te tūtohu i tēnei pūkete!
|
MARC
| LEADER | 00000nam a2200000 a 4500 | ||
|---|---|---|---|
| 001 | UCL8343 | ||
| 003 | CL-VaPUC | ||
| 008 | 040618e20020000MX |||||||||||||||||spa|d | ||
| 020 | |a 970686038X | ||
| 082 | 0 | 4 | |a 621.3822 |b AMB |2 21 |
| 100 | 0 | |a Ambardar, Ashok |e author |9 486278 | |
| 245 | 1 | 0 | |a Procesamiento de señales analógicas y digitales |
| 300 | |a 811 p | ||
| 942 | |c BK | ||
| 945 | |d 20040618 00:00:00 |a cmena | ||
| 260 | |a Ciudad de México |b International Thomson |c 2002 | ||
| 650 | 0 | |a Procesamiento de señales |9 260702 | |
| 650 | 0 | |a Señales digitales |9 453966 | |
| 650 | 0 | |a Matemática aplicada |9 260236 | |
| 650 | 0 | |a Aplicaciones de computadores |9 260401 | |
| 583 | |a last modification |c 20130518 02:16:25 |k Rodrigo Vera | ||
| 999 | |c 309684 |d 309682 | ||
| 952 | |0 0 |1 0 |4 0 |6 621_382200000000000_AMB_2002 |7 0 |8 A |9 377333 |a BIBING |b BIBING |d 2019-11-21 |i 4069005 |l 5 |o 621.3822 AMB 2002 |p 4069005 |r 2025-01-20 |s 2024-07-19 |w 2019-11-21 |y BK |k EIE | ||